000 01737nam a2200517 i 4500
001 5192
003 KOSZ 005
005 20220803091231.0
008 220803s1982 pl a f 000 0 pol
015 _aUWD 1982/3082
020 _a8301042346
035 _a991012000209705066
035 _a(PL-WaBN)b13254376-48omnis_nlop
035 _ab13254376
035 _a(OCoLC)830304973
035 _a(PL)b0000001325437
035 _a(EXLNZ-48OMNIS_NETWORK)9910506225105606
040 _aWA N
_cWA N
_dKOSZ 005/RW
046 _k1982
080 _a624/625
080 _a(075.8)
100 1 _aKamiński, Leopold
_d(1934- )
_eAutor
245 1 0 _aTeoria konstrukcji inżynierskich /
_cLeopold Kamiński.
250 _aWydanie I.
260 _aWarszawa :
_bPaństwowe Wydawnictwo Naukowe,
_c1982.
300 _a248 stron :
_bilustracje, tablice, wykresy ;
_c24 cm.
336 _aTekst
_btxt
_2rdacontent
337 _aBez urządzenia pośredniczącego
_bn
_2rdamedia
338 _aWolumin
_bnc
_2rdacarrier
380 _aKsiążki
380 _aPublikacje dydaktyczne
385 _mPoziom nauczania
_aSzkoły wyższe
388 1 _a1901-2000
388 1 _a1945-1989
504 _aBibliografia na stronach [244]-245.
521 8 _aSkrypt centralny dla studentów wyższych szkół technicznych.
650 7 _aKonstrukcje
_2DBN
650 7 _aMateriały
650 7 _aProjektowanie
655 7 _aPodręczniki akademickie
_2DBN
658 _aArchitektura i budownictwo
710 2 _aPaństwowe Wydawnictwo Naukowe
_4pbl
856 _uhttp://koha.tu.koszalin.pl/cgi-bin/koha/opac-detail.pl?biblionumber=5192
_yKatalog online BPK
942 _2UKD
_cKS
999 _c5192
_d5192